000 00490nam a2200181 a 4500
001 4283
003 CO-ViMGA
008 141112s2004 ck r 000 u spa d
040 _aCO-ViMGA
_bspa
_cCO-ViMGA
082 0 4 _a664.9 B177
100 1 _aBartels, H
_954863
245 1 0 _aInspección veterinaria de la carne
260 _aZaragoza :
_bAcribia,
_c1980
300 _a491 p
490 _aCiencia y tecnología de la carne
650 1 4 _aCARNE - CONTROL DE CALIDAD
_954864
942 _2ddc
_cBK
999 _c16296
_d16296